| 000 | 00486nam a2200181Ia 4500 | ||
|---|---|---|---|
| 003 | GCL | ||
| 008 | 140319s9999 xx 000 0 eng d | ||
| 040 |
_aGCL / _cGCL |
||
| 082 | 0 | 4 |
_a709.44 _bM D |
| 100 | 1 | _aMILLON, JAEL MARIE | |
| 245 | 1 | 0 |
_aDROUAT 1990: L'ART ET LES ENCHERES EN FRANCE / _cMILLON, JAEL MARIE |
| 260 |
_a[S.N] : _bCOMPAGNIE DES COMMISSAIRES ، _c1990 |
||
| 300 | _a367 P | ||
| 650 | 0 | 4 | _aARTS |
| 650 | 0 | 4 | _aMODERN ART |
| 650 | 0 | 4 | _aFRANCE - ARTS |
| 942 |
_2ddc _cBK |
||
| 999 |
_c15221 _d15221 |
||